A Pint of Beer Quiz Stats

 Plays Quiz Updated Aug 1, 2017

Support Sporcle.
Go Orange.
Score 0/12 Timer 01:30
4 Plays Today
% Correct
Imperial (Irish)
72.1%
Tulip
69.5%
Stein
67.8%
Pilsner
65.7%
Goblet
61.4%
Shaker (USA)
58.5%
Nonic (British)
56.4%
Weizen
56%
Snifter
54.4%
Stange
45.7%
Tankard
45.6%
Maßkrug
44.6%

You're not logged in!

Compare scores with friends on all Sporcle quizzes.
OR
Log In
Forgot?

From the Vault

Pick the Bands by Setlist

by AmazingPenguin

Sometimes you just have to play the hits.
Remove Ads.
Support Sporcle.
Get the best of Sporcle when you Go Orange. This ad-free experience offers more features, more stats, and more fun while also helping to support Sporcle. Thank you for becoming a member.

Show Comments

Extras

Top Quizzes Today


Score Distribution

Your Account Isn't Verified!

In order to create a playlist on Sporcle, you need to verify the email address you used during registration. Go to your Sporcle Settings to finish the process.

Report this User

Report this user for behavior that violates our Community Guidelines.

Details: